| 000 | 00785nam a2200241Ia 4500 | ||
|---|---|---|---|
| 003 | OSt | ||
| 005 | 20210421152351.0 | ||
| 008 | 210310s1992 ckX gr 000 0 spa d | ||
| 020 | _a9580001008 | ||
| 040 |
_aCO-JMCR _cCO-JMCR |
||
| 041 | 0 | _aspa | |
| 082 | 0 | 4 |
_a382 / _bC431e _223 |
| 100 | 1 |
_aChacoliades, Miltiades, _eautor _937031 |
|
| 245 | 1 | 0 |
_aEconomia Internacional / _cMiltiades Chacoliades |
| 250 | _aSegunda edición | ||
| 260 |
_aBogotá : _bMCGraw-Hill, _c1992 |
||
| 300 |
_a674 páginas : _bilustraciones y gráficas en blanco y negro ; _c22 cm. |
||
| 500 | _aIncluye índice. | ||
| 505 | 0 | _aComercio internacional. -- Finanzas internacionales. | |
| 650 | 1 | 4 |
_aComercio internacional. _925775 |
| 650 | 2 | 4 |
_aLey de comercio internacional. _937032 |
| 942 |
_2ddc _cBK |
||
| 999 |
_c11532 _d11532 |
||